| 000 | 01284nam a2200241Ii 4500 | ||
|---|---|---|---|
| 003 | JO-AjNU | ||
| 005 | 20240625121052.0 | ||
| 008 | 230605s9999||||xx |||||||||||||| ||und|| | ||
| 040 |
_aJO-AjNU _bara _erda _cJO-AjNU |
||
| 041 | _aara | ||
| 050 | 1 | 4 | _aHD9484 2021 |
| 100 |
_aمحمد، فاضل نوري محمود _965631 |
||
| 245 | 1 | 0 |
_aأثر ممارسات القيادة الاستراتيجية على أداء الشركات الصناعية العراقية:البراعة الاستراتيجية كمتغير وسيط=The lmpact of Strategic Leadership Practices on Performance of Iraqi Industrial Companies:Strategic Prowess as a mediator / _cاعداد فاضل نوري محمود محمد ؛ إشراف علي فلاح مفلح الزعبي |
| 260 | _c2021 | ||
| 300 | _a161ورقة | ||
| 336 |
_atext _btxt _2rdacontent |
||
| 337 |
_aunmediated _bn _2rdamedia |
||
| 338 |
_avolume _bnc _2rdacarrier |
||
| 500 | _aرسالة جامعية ( اطروحة ماجستير) جامعة عجلون الوطنية: كلية ادارة الاعمال ، ادارة الاعمال،2021 | ||
| 650 | 4 |
_aالشركات الصناعية-القيادة الاستراتيجية _961293 |
|
| 700 | 1 |
_aالزعبي، علي فلاح مفلح _959270 _eمشرف |
|
| 942 |
_2lcc _cTHS |
||
| 999 |
_c31265 _d31265 |
||